Normal view
MARC view
- Role of plastics in industry
Entry Topical Term
001 - CONTROL NUMBER
- control field: 110005
003 - CONTROL NUMBER IDENTIFIER
- control field: NUST
005 - DATE AND TIME OF LATEST TRANSACTION
- control field: 20230308123756.0
008 - FIXED-LENGTH DATA ELEMENTS
- fixed length control field: 230308|| aca||aabn | a|a d
040 ## - CATALOGING SOURCE
- Original cataloging agency: NUST
- Transcribing agency: NUST
150 ## - HEADING--TOPICAL TERM
- Topical term or geographic name entry element: Role of plastics in industry
670 ## - SOURCE DATA FOUND
- Source citation: Work cat.: (NUST)184528: Plastes 110004, Plastics in industry /, 1945
